[Event "TCh-TUR 2011"]
[Site "Konya TUR"]
[Date "2011.07.09"]
[Round "13"]
[White "Bolat, Ahmet"]
[Black "Kerigan, Demre"]
[Result "0-1"]
[WhiteElo "2074"]
[BlackElo "2134"]
[WhiteTeam "Mersin Ezgi Satranc Kulubu"]
[BlackTeam "Yapi Kredi Spor Kulubu"]
[WhiteFideId "6327923"]
[BlackFideId "6307841"]
[EventDate "2011.06.28"]

1. d4 Nf6 2. Nc3 d6 3. e4 g6 4. Be3 a6 5. Qd2 b5 6. f3 Nbd7 7. a4 b4 8. Nd1 Rb8
9. g4 Bg7 10. Ne2 Nb6 11. Ng3 h5 12. g5 Nfd7 13. h4 a5 14. f4 Bb7 15. Nf2 O-O
16. Be2 c5 17. O-O Qc7 18. c3 bxc3 19. bxc3 Rfc8 20. d5 c4 21. Bd4 Nc5 22. Bxc5
Qxc5 23. Rfb1 Ba6 24. Kg2 Nd7 25. e5 Bb7 26. Rb5 Bxd5+ 27. Kg1 Rxb5 28. axb5
dxe5 29. f5 e4 30. Nf1 Ne5 31. Rxa5 Nd3 32. Bxd3 cxd3 33. f6 exf6 34. c4 Qxc4
35. b6 Bb7 36. Ra7 Qc6 37. gxf6 Bxf6 38. Qf4 Bd4 39. Kh2 e3 40. Rxb7 Qxb7 0-1

[Event "TCh-TUR 2011"]
[Site "Konya TUR"]
[Date "2011.07.09"]
[Round "13"]
[White "Yurtseven, Melih"]
[Black "Burneckas, Yunus"]
[Result "1/2-1/2"]
[WhiteElo "2050"]
[BlackElo "1920"]
[WhiteTeam "Yapi Kredi Spor Kulubu"]
[BlackTeam "Mersin Ezgi Satranc Kulubu"]
[WhiteFideId "6312160"]
[BlackFideId "6312659"]
[EventDate "2011.06.28"]

1. e4 c6 2. Nc3 d5 3. Nf3 Bg4 4. h3 Bxf3 5. Qxf3 Nf6 6. d3 e6 7. a3 Bd6 8. g3
Nbd7 9. Bg2 Qc7 10. O-O O-O 11. Bg5 d4 12. Nd1 h6 13. Bd2 Rfe8 14. Qe2 e5 15. f4
c5 16. f5 b5 17. g4 Nh7 18. h4 f6 19. b3 c4 20. Nf2 cxd3 21. cxd3 Nc5 22. Rab1
a5 23. Rfc1 Qb6 24. Bf3 a4 25. b4 Nb3 26. g5 Rec8 27. gxh6 Rxc1+ 28. Rxc1 Nxc1
29. Bxc1 Rc8 30. Qa2+ Kh8 31. hxg7+ Kxg7 32. Bh6+ Kh8 33. Kh1 Bf8 34. Bd2 Qc7
35. Bd1 Qg7 36. Kh2 Qg8 37. Qb1 Qf7 1/2-1/2

[Event "TCh-TUR 2011"]
[Site "Konya TUR"]
[Date "2011.07.09"]
[Round "13"]
[White "Mutlu, Beste"]
[Black "Menzi, Nezihe Ezgi"]
[Result "0-1"]
[WhiteElo "1548"]
[BlackElo "1868"]
[WhiteTeam "Mersin Ezgi Satranc Kulubu"]
[BlackTeam "Yapi Kredi Spor Kulubu"]
[WhiteFideId "6325050"]
[BlackFideId "6310060"]
[EventDate "2011.06.28"]

1. e4 c5 2. Nf3 d6 3. d4 cxd4 4. Nxd4 Nf6 5. Nc3 g6 6. Be3 Bg7 7. f3 Nc6 8. Qd2
O-O 9. Bc4 Bd7 10. g4 Ne5 11. Bb3 Qa5 12. O-O-O Rfc8 13. h4 Rc4 14. Qe2 Rxc3 15.
bxc3 Qxc3 16. Kb1 a5 17. Bc1 a4 18. Bb2 Qc7 19. Bd5 e6 20. Bxe6 Bxe6 21. Nxe6
fxe6 22. Bxe5 dxe5 23. Rd3 Nd7 24. Rhd1 Nc5 25. Rd6 Bf8 26. R6d2 a3 27. c4 Na4
28. Rc2 Bc5 29. Rd3 Ra6 30. Rb3 Rb6 31. Qd3 Bd4 32. Rxb6 Qxb6+ 33. Kc1 Nc3 34.
Kd2 Nb1+ 35. Kd1 Qb4 36. Ke2 Nc3+ 37. Kf1 Qb1+ 38. Kg2 Nxa2 39. Qd2 Nb4 40. Rc1
Qb2 41. Qxb2 axb2 42. Rb1 Nc2 0-1

[Event "TCh-TUR 2011"]
[Site "Konya TUR"]
[Date "2011.07.09"]
[Round "13"]
[White "Arat, Ufuk Sezen"]
[Black "Sevgi, Volkan"]
[Result "1-0"]
[WhiteElo "2053"]
[BlackElo "1912"]
[WhiteTeam "Yapi Kredi Spor Kulubu"]
[BlackTeam "Mersin Ezgi Satranc Kulubu"]
[WhiteFideId "6309089"]
[BlackFideId "6325335"]
[EventDate "2011.06.28"]

1. e4 c6 2. d4 d5 3. Nd2 dxe4 4. Nxe4 Bf5 5. Ng3 Bg6 6. h4 h6 7. Nf3 Nd7 8. h5
Bh7 9. Bd3 Bxd3 10. Qxd3 e6 11. Bd2 Qc7 12. O-O-O Ngf6 13. Ne4 Nxe4 14. Qxe4 Bd6
15. g3 Nf6 16. Qe2 O-O-O 17. c4 c5 18. Bc3 cxd4 19. Rxd4 Rd7 20. Kb1 Rhd8 21. c5
Bxc5 22. Rc1 Nd5 23. Rc4 Nxc3+ 24. R4xc3 Rd5 25. b4 b6 26. bxc5 bxc5 27. Qe3
Qb6+ 28. Ka1 Kd7 29. Rxc5 Ke8 30. Rxd5 Rxd5 31. Qxb6 axb6 32. Rb1 b5 33. Rb4 e5
34. Re4 f6 35. Re2 Ke7 36. Nh4 Ke6 37. g4 Rd4 38. f3 Rf4 39. Re3 Kf7 40. Re4 Ke6
41. Rxf4 exf4 42. Kb2 1-0